<?xml version="1.0" encoding="UTF-8"?>
<record
    xmlns:xsi="http://www.w3.org/2001/XMLSchema-instance"
    xsi:schemaLocation="http://www.loc.gov/MARC21/slim http://www.loc.gov/standards/marcxml/schema/MARC21slim.xsd"
    xmlns="http://www.loc.gov/MARC21/slim">

  <leader>02099aam a2200325 a 4500</leader>
  <controlfield tag="001">000003207</controlfield>
  <controlfield tag="003">DO-SdBPM</controlfield>
  <controlfield tag="005">20250730140239.0</controlfield>
  <controlfield tag="007">ta</controlfield>
  <controlfield tag="008">040620s2002    dr   b    001 0dspa d</controlfield>
  <datafield tag="020" ind1=" " ind2=" ">
    <subfield code="a">9993487155</subfield>
  </datafield>
  <datafield tag="040" ind1=" " ind2=" ">
    <subfield code="a">DO-SdBPM</subfield>
    <subfield code="b">spa</subfield>
    <subfield code="c">BPMSU </subfield>
    <subfield code="d">rda</subfield>
  </datafield>
  <datafield tag="082" ind1=" " ind2="4">
    <subfield code="a">344.074</subfield>
    <subfield code="b">F224e 2002</subfield>
    <subfield code="2">22</subfield>
  </datafield>
  <datafield tag="100" ind1=" " ind2=" ">
    <subfield code="a">Far&#xED;as Campos, F&#xE9;lix,</subfield>
    <subfield code="d">1959-</subfield>
    <subfield code="e">autor </subfield>
  </datafield>
  <datafield tag="245" ind1="1" ind2="0">
    <subfield code="a">Evoluci&#xF3;n, orientaciones y tendencias de la legislaci&#xF3;n de la educaci&#xF3;n superior dominicana /</subfield>
    <subfield code="c">F&#xE9;lix Far&#xED;as </subfield>
  </datafield>
  <datafield tag="264" ind1=" " ind2=" ">
    <subfield code="a">Santo Domimgo :</subfield>
    <subfield code="b">Ediciones Unicaribe,</subfield>
    <subfield code="c">2002</subfield>
  </datafield>
  <datafield tag="300" ind1=" " ind2=" ">
    <subfield code="a">202 p&#xE1;ginas ;</subfield>
    <subfield code="c">22 cm.</subfield>
  </datafield>
  <datafield tag="336" ind1=" " ind2=" ">
    <subfield code="a">texto</subfield>
    <subfield code="b">txt</subfield>
    <subfield code="2">rdacontent</subfield>
  </datafield>
  <datafield tag="337" ind1=" " ind2=" ">
    <subfield code="a">sin mediaci&#xF3;n</subfield>
    <subfield code="b">n</subfield>
    <subfield code="2">rdamedia</subfield>
  </datafield>
  <datafield tag="338" ind1=" " ind2=" ">
    <subfield code="a">volumen</subfield>
    <subfield code="b">nc</subfield>
    <subfield code="2">rdacarrier</subfield>
  </datafield>
  <datafield tag="500" ind1=" " ind2=" ">
    <subfield code="a">Incluye &#xED;ndice.</subfield>
  </datafield>
  <datafield tag="504" ind1=" " ind2=" ">
    <subfield code="a">Bibliograf&#xED;a: p. 63-66.
</subfield>
  </datafield>
  <datafield tag="505" ind1="0" ind2=" ">
    <subfield code="a">Origen del sistema de educaci&#xF3;n superior dominicano, 1518-1961 11|Incursi&#xF3;n del sector privado en la educaci&#xF3;n superior dominicana, 1962-1982 21|Regulaci&#xF3;n de la educaci&#xF3;n superior dominicana, 1983-2000|Reforma del sistema de educaci&#xF3;n superior dominicano 2001- 57|Decreto 914 que convierte el Instituto Profesional en Universidad de Santo Domingo 69|Ley 1398 de organizaci&#xF3;n universitaria 71|Ley 111 sobre Exequ&#xE1;tur 73|Ley 5778 sobre la autonom&#xED;a de la UASD 77|Ley 6150 que crea la PUCMM 81|Ley 292 que ordena la supresi&#xF3;n del fuero en la UASD 82|Ley 273 que regula la educaci&#xF3;n superior privada 83|Ley 236 que modifica la 273 sobre educaci&#xF3;n superior privada 88|Decreto 449 que crea Comisi&#xF3;n CONIES 90|Ley 14 declara inejecutable bienes universidades estatales 92|Decreto 861 crea Comisi&#xF3;n CONES 94|Decreto 1255 crea Consejo CONES 96|Decreto 259-96 modifica el 1255 del CONES 109|Decreto 517-96 modifica el 259-96 135|Ley 139-01 crea la Secretar&#xED;a de Educaci&#xF3;n Superior, Ciencia y Tecnolog&#xED;a 154</subfield>
  </datafield>
  <datafield tag="590" ind1=" " ind2=" ">
    <subfield code="a">Inventariado,2025/VM</subfield>
  </datafield>
  <datafield tag="650" ind1="7" ind2=" ">
    <subfield code="a">Educaci&#xF3;n superior</subfield>
    <subfield code="x">Legislaci&#xF3;n</subfield>
    <subfield code="z">Rep&#xFA;blica Dominicana</subfield>
    <subfield code="2"> </subfield>
  </datafield>
  <datafield tag="700" ind1="1" ind2=" ">
    <subfield code="a">Reyes, Roberto</subfield>
    <subfield code="e">corrector de estilo </subfield>
  </datafield>
  <datafield tag="710" ind1="2" ind2=" ">
    <subfield code="a">Universidad del Caribe </subfield>
  </datafield>
  <datafield tag="910" ind1=" " ind2=" ">
    <subfield code="a"> VMateo V. Control de calidad. BPMSU </subfield>
  </datafield>
  <datafield tag="942" ind1=" " ind2=" ">
    <subfield code="2">ddc</subfield>
    <subfield code="c">BK</subfield>
  </datafield>
  <datafield tag="952" ind1=" " ind2=" ">
    <subfield code="0">0</subfield>
    <subfield code="1">0</subfield>
    <subfield code="2">ddc</subfield>
    <subfield code="7">0</subfield>
    <subfield code="8">CD</subfield>
    <subfield code="a">BPMET</subfield>
    <subfield code="b">BPMET</subfield>
    <subfield code="d">2025-07-30</subfield>
    <subfield code="l">0</subfield>
    <subfield code="o">BPMSU CG 344.074 F224e 2002</subfield>
    <subfield code="p">BPMSU25070085</subfield>
    <subfield code="r">2025-07-30</subfield>
    <subfield code="w">2025-07-30</subfield>
    <subfield code="y">BK</subfield>
  </datafield>
  <datafield tag="999" ind1=" " ind2=" ">
    <subfield code="c">15296</subfield>
    <subfield code="d">15296</subfield>
  </datafield>
</record>
